000 01052cam a2200301 a 4500
001 13555824
003 OSt
005 20140310182307.0
008 040412s2004 nyua 000 0 eng
010 _a 2004105526
020 _a0060757310
035 _a(DLC) 2004105526
040 _aDLC
_cDLC
042 _apcc
_alcac
050 0 0 _aPN 1997.2.L46
_b.Sn672 2004
082 _aFIC
_bSn3 2004
100 _aSnicket, Lemony
_94308
245 0 0 _aLemony Snicket's a series of unfortunate events :
_bbehind the scenes with Count Olaf /
_cLemony Snicket.
246 3 0 _aSeries of unfortunate events
246 3 0 _aBehind the scenes with Count Olaf
260 _aNew York :
_bHarperEntertainment,
_cc2004.
300 _a1 v. (unpaged) :
_bcol. ill. ;
_c25 cm.
630 0 0 _aLemony Snicket's A series of unfortunate events.
_95572
906 _a7
_bcbc
_corignew
_d2
_eepcn
_f20
_gy-gencatlg
942 _2lcc
_cBK-FIC
999 _c11630
_d11630